[Event "Skovbo GM"]
[Site "Borup"]
[Date "2012.09.20"]
[Round "5"]
[White "Molvig, Henrik"]
[Black "Bekker Jensen, Simon"]
[Result "0-1"]
[WhiteElo "2198"]
[BlackElo "2402"]
[PlyCount "79"]
[EventDate "2012.09.14"]
[EventType "swiss"]
[EventRounds "9"]
[EventCountry "DEN"]
[Source "ChessBase"]
[SourceDate "2012.10.19"]

1. d4 Nf6 2. c4 g6 3. Nc3 Bg7 4. e4 d6 5. Nf3 O-O 6. Be2 e5 7. O-O Nc6 8. d5
Ne7 9. Ne1 Nd7 10. Be3 f5 11. f3 f4 12. Bf2 g5 13. Rc1 Ng6 14. c5 Nxc5 15. b4
Na6 16. Nb5 Bd7 17. Nxa7 h5 18. a4 Rf7 19. Nb5 Bf8 20. Nd3 Rg7 21. h3 Nh8 22.
Be1 Nf7 23. Nf2 Nh6 24. Rc4 Be7 25. Qc2 Rc8 26. Na7 Rb8 27. Nb5 Rc8 28. Na7 Ra8
29. Nb5 Bf6 30. Bd2 g4 31. fxg4 hxg4 32. hxg4 Bh4 33. Nxc7 Nxc7 34. Rxc7 Bxa4
35. Rxg7+ Kxg7 36. Qb2 Rc8 37. Rc1 Bxf2+ 38. Kxf2 Qb6+ 39. Kf1 Rh8 40. Be1 0-1

[Event "Skovbo GM"]
[Site "Borup"]
[Date "2012.09.20"]
[Round "5"]
[White "Nielsen, Jens Holm"]
[Black "Christophersen, David"]
[Result "1/2-1/2"]
[WhiteElo "1903"]
[BlackElo "1839"]
[PlyCount "101"]
[EventDate "2012.09.14"]
[EventType "swiss"]
[EventRounds "9"]
[EventCountry "DEN"]
[Source "ChessBase"]
[SourceDate "2012.10.19"]

1. Nc3 Nf6 2. f4 g6 3. e4 d6 4. Nf3 Bg7 5. Bc4 O-O 6. O-O c5 7. d3 a6 8. a4 Nc6
9. Qe1 Rb8 10. Qh4 Nd4 11. Nxd4 cxd4 12. Ne2 b5 13. axb5 axb5 14. Bb3 Bd7 15.
f5 d5 16. e5 Ne8 17. Bg5 f6 18. Bxd5+ e6 19. fxe6 Bc6 20. e7+ Qxd5 21. exf8=Q+
Bxf8 22. Nf4 fxg5 23. Nxd5 gxh4 24. Nf6+ Nxf6 25. Rxf6 Bd5 26. Re1 Bh6 27. c3
Bd2 28. Re2 dxc3 29. bxc3 Bxc3 30. Rd6 b4 31. e6 Bxe6 32. Rdxe6 Kf7 33. Re7+
Kf8 34. Rxh7 b3 35. Rxh4 b2 36. Rxb2 Rxb2 37. h3 Rb1+ 38. Kh2 Be5+ 39. g3 Rb2+
40. Kg1 Bxg3 41. Rg4 Bf2+ 42. Kf1 Kg7 43. Kg2 Be1+ 44. Kf3 Rf2+ 45. Ke4 Rh2 46.
Rg1 Bh4 47. d4 Rxh3 48. d5 Bf2 49. Rd1 Rh4+ 50. Ke5 g5 51. Kf5 1/2-1/2

[Event "Skovbo GM"]
[Site "Borup"]
[Date "2012.09.20"]
[Round "5"]
[White "Olsen, Michael Richard W"]
[Black "Teplyi, Igor"]
[Result "0-1"]
[WhiteElo "1997"]
[BlackElo "2377"]
[PlyCount "92"]
[EventDate "2012.09.14"]
[EventType "swiss"]
[EventRounds "9"]
[EventCountry "DEN"]
[Source "ChessBase"]
[SourceDate "2012.10.19"]

1. e4 c5 2. Nf3 d6 3. Be2 Nf6 4. Nc3 a6 5. O-O e5 6. a4 Be7 7. d3 Nc6 8. Ne1 d5
9. Nxd5 Nxd5 10. exd5 Qxd5 11. Bf3 Qd6 12. Bxc6+ Qxc6 13. Qf3 Qe6 14. Qg3 O-O
15. Nf3 f6 16. Re1 b6 17. b3 Bb7 18. Bb2 Bd6 19. Nd2 Qd5 20. Ne4 Be7 21. f3 Qc6
22. Nf2 Kh8 23. Ng4 Rae8 24. Ne3 Bc8 25. Kh1 Bd6 26. Qh4 Be6 27. Qe4 Qd7 28.
Qh4 Kg8 29. Rad1 b5 30. Ra1 Ra8 31. axb5 axb5 32. Qe4 Rac8 33. Ra6 Bb8 34. Rea1
f5 35. Qh4 Rc6 36. Ra8 Qc7 37. Bc3 Qd6 38. R1a5 Rb6 39. Ba1 Bc8 40. b4 cxb4 41.
Nc4 bxc4 42. Bxe5 Qc6 43. Qxc4+ Qxc4 44. dxc4 Bxe5 45. Rxe5 Be6 46. Raa5 Bxc4
0-1

[Event "Skovbo GM"]
[Site "Borup"]
[Date "2012.09.20"]
[Round "5"]
[White "Preuss, Flemming"]
[Black "Rostgaard, Tobias Valentin"]
[Result "0-1"]
[WhiteElo "1990"]
[BlackElo "2227"]
[PlyCount "88"]
[EventDate "2012.09.14"]
[EventType "swiss"]
[EventRounds "9"]
[EventCountry "DEN"]
[Source "ChessBase"]
[SourceDate "2012.10.19"]

1. f4 d5 2. Nf3 g6 3. g3 Bg7 4. d3 Nf6 5. Bg2 O-O 6. O-O c5 7. Nc3 Nc6 8. e4 d4
9. Ne2 b5 10. h3 e5 11. f5 Nd7 12. g4 f6 13. fxg6 hxg6 14. Bd2 c4 15. Ng3 Nc5
16. Qe2 Ba6 17. Nh4 Qe8 18. Rf3 Rc8 19. Raf1 cxd3 20. cxd3 b4 21. g5 fxg5 22.
Bxg5 Qe6 23. Nhf5 gxf5 24. exf5 Qf7 25. f6 Bh8 26. Nf5 Qh5 27. h4 Bxd3 28. Qf2
Bxf1 29. Bxf1 e4 30. Bc4+ Kh7 31. Rg3 Ne5 32. Ne7 Nf3+ 33. Kg2 Bxf6 34. Nxc8
Bxg5 35. Rxg5 Nxh4+ 36. Kh3 Rf3+ 37. Qxf3 Qxf3+ 38. Kxh4 Qf4+ 39. Rg4 Qh2+ 40.
Kg5 Qh6+ 41. Kf5 Qf8+ 42. Ke5 Qxc8 43. Rh4+ Kg7 44. Bd5 Nd7+ 0-1

[Event "Skovbo GM"]
[Site "Borup"]
[Date "2012.09.20"]
[Round "5"]
[White "Schmidt, Horst Hubert"]
[Black "Nilssen, John Arni"]
[Result "0-1"]
[WhiteElo "1863"]
[BlackElo "2372"]
[PlyCount "62"]
[EventDate "2012.09.14"]
[EventType "swiss"]
[EventRounds "9"]
[EventCountry "DEN"]
[Source "ChessBase"]
[SourceDate "2012.10.19"]

1. d4 Nf6 2. c4 e6 3. Nc3 c5 4. e3 a6 5. Nf3 b6 6. Be2 Bb7 7. O-O d6 8. Nd2 Nc6
9. Qa4 cxd4 10. exd4 d5 11. Bf3 b5 12. cxb5 axb5 13. Qxb5 Qd7 14. Re1 Nxd4 15.
Qxd7+ Kxd7 16. Bd1 Bb4 17. Ne2 Nc6 18. Nc3 Rhc8 19. Na4 Nd4 20. Nb6+ Kd8 21.
Nxa8 Bxa8 22. a3 Rxc1 23. Rxc1 Bxd2 24. Bf3 Bxe1 25. Rxe1 Nxf3+ 26. gxf3 d4 27.
Rd1 e5 28. f4 Bf3 29. Rd3 Be2 30. Rd2 d3 31. f3 e4 0-1

[Event "Skovbo GM"]
[Site "Borup"]
[Date "2012.09.20"]
[Round "5"]
[White "Semcesen, Daniel"]
[Black "Vijayalakshmi, Subbaraman"]
[Result "1/2-1/2"]
[WhiteElo "2466"]
[BlackElo "2387"]
[PlyCount "169"]
[EventDate "2012.09.14"]
[EventType "swiss"]
[EventRounds "9"]
[EventCountry "DEN"]
[Source "ChessBase"]
[SourceDate "2012.10.19"]

1. d4 Nf6 2. c4 e6 3. Nc3 Bb4 4. f3 d5 5. a3 Bxc3+ 6. bxc3 Nbd7 7. cxd5 exd5 8.
e3 O-O 9. Bd3 b6 10. Ne2 Re8 11. O-O a5 12. c4 c6 13. cxd5 cxd5 14. Nc3 Ba6 15.
Nb5 Nf8 16. a4 Ne6 17. Rb1 Nc7 18. Bd2 Nxb5 19. Bxb5 Bxb5 20. Rxb5 Rc8 21. Qb3
Re6 22. Rb1 Qd7 23. Rxb6 Rxb6 24. Qxb6 Qxa4 25. Qxa5 Qe8 26. Qb5 Qe6 27. Qd3 h6
28. Be1 Nd7 29. h3 Nb6 30. Bf2 Nc4 31. e4 Qg6 32. Rb3 dxe4 33. fxe4 Nd6 34. e5
Rc1+ 35. Kh2 Ne4 36. Qe2 Ng5 37. Be3 Rc2 38. Qg4 Kh7 39. Bxg5 Qxg5 40. Qf3 Rd2
41. Rd3 Rxd3 42. Qxd3+ Kg8 43. Qe4 Qd8 44. d5 Qg5 45. d6 Qd2 46. h4 h5 47. Kh3
Qc3+ 48. Kh2 Qd2 49. Kh3 Qc3+ 50. g3 Qd2 51. Qc6 Kh7 52. Qf3 Kg8 53. Qa8+ Kh7
54. Qf3 Kg8 55. Qxh5 Qe1 56. Qf5 Qh1+ 57. Kg4 Qd1+ 58. Qf3 Qd4+ 59. Qf4 Qd1+
60. Kg5 Qd5 61. Qe3 f6+ 62. Kf4 Qc4+ 63. Qe4 Qf1+ 64. Kg4 Qd1+ 65. Kh3 fxe5 66.
Qxe5 Qf1+ 67. Kg4 Qd1+ 68. Kg5 Qd2+ 69. Kh5 Qh6+ 70. Kg4 Qg6+ 71. Kh3 Qf7 72.
h5 Qf1+ 73. Kh4 Qh1+ 74. Kg5 Qc1+ 75. Qf4 Qc5+ 76. Kh4 Qd5 77. h6 Qh1+ 78. Kg4
Qd1+ 79. Kg5 Qd5+ 80. Kg4 Qd1+ 81. Kf5 Qd5+ 82. Qe5 Qf3+ 83. Kg5 gxh6+ 84. Kxh6
Qf6+ 85. Qxf6 1/2-1/2

[Event "Skovbo GM"]
[Site "Borup"]
[Date "2012.09.20"]
[Round "5"]
[White "Smith, Axel"]
[Black "Sriram, Jha"]
[Result "1/2-1/2"]
[WhiteElo "2503"]
[BlackElo "2422"]
[PlyCount "49"]
[EventDate "2012.09.14"]
[EventType "swiss"]
[EventRounds "9"]
[EventCountry "DEN"]
[Source "ChessBase"]
[SourceDate "2012.10.19"]

1. Nf3 d5 2. c4 c6 3. e3 Nf6 4. Nc3 a6 5. d4 b5 6. b3 Bg4 7. Bd2 Nbd7 8. h3
Bxf3 9. Qxf3 e6 10. Bd3 Be7 11. O-O O-O 12. Rac1 Rc8 13. Rfd1 Re8 14. Be1 Ba3
15. Rc2 Bf8 16. Qe2 g6 17. Qd2 dxc4 18. bxc4 e5 19. Qc1 exd4 20. exd4 Nb6 21.
cxb5 cxb5 22. Ne2 Rxc2 23. Qxc2 Qd7 24. Qb3 Nfd5 25. Ba5 1/2-1/2

[Event "Skovbo GM"]
[Site "Borup"]
[Date "2012.09.20"]
[Round "5"]
[White "Solodovnichenko, Yuri"]
[Black "Hagen, Andreas Skytte"]
[Result "1/2-1/2"]
[WhiteElo "2602"]
[BlackElo "2422"]
[PlyCount "149"]
[EventDate "2012.09.14"]
[EventType "swiss"]
[EventRounds "9"]
[EventCountry "DEN"]
[Source "ChessBase"]
[SourceDate "2012.10.19"]

1. e4 e5 2. Nf3 Nc6 3. Bb5 Nf6 4. O-O Nxe4 5. d4 Nd6 6. Bxc6 dxc6 7. dxe5 Nf5
8. Qxd8+ Kxd8 9. h3 h6 10. Nc3 Bd7 11. b3 Kc8 12. Bb2 b6 13. Rad1 Ne7 14. Nd4
c5 15. Nde2 Bf5 16. Rd2 h5 17. Ng3 Be6 18. Nge4 g6 19. f4 Bh6 20. Nf6 h4 21.
Nce4 Rd8 22. Rxd8+ Kxd8 23. Ng4 Nf5 24. c4 a5 25. a4 Ke7 26. Bc3 Rd8 27. Be1
Bg7 28. Nd2 Rd3 29. Rf3 Rd8 30. Rc3 Rh8 31. Kf1 Bh6 32. Rf3 Bg7 33. Rd3 Nd4 34.
Ne3 g5 35. fxg5 Bxe5 36. Ne4 c6 37. Bf2 f5 38. gxf6+ Bxf6 39. Nxf6 Kxf6 40.
Ng4+ Bxg4 41. hxg4 Ke5 42. Ke1 Kf4 43. Bxh4 Kxg4 44. Bf2 Re8+ 45. Kd1 Rd8 46.
Kc1 Kf4 47. Kb2 Rg8 48. g3+ Ke5 49. Re3+ Kd6 50. Re4 Nf5 51. Re1 Rg7 52. Rg1
Rg4 53. Rd1+ Ke7 54. Rd3 Re4 55. Kc3 Re2 56. Rf3 Nd6 57. Be3 Ke6 58. Bf4 Re4
59. g4 Nf7 60. g5 Nd6 61. Bxd6 Kxd6 62. Rf6+ Kd7 63. g6 Re3+ 64. Kc2 Rg3 65.
Rf7+ Kd6 66. g7 Ke5 67. Kb2 Kd4 68. Rd7+ Ke4 69. Rb7 Kd4 70. Ka3 Kc3 71. Rf7
Rg1 72. Rf3+ Kc2 73. Rf2+ Kc3 74. Rf3+ Kc2 75. Rf2+ 1/2-1/2

[Event "Skovbo GM"]
[Site "Borup"]
[Date "2012.09.20"]
[Round "5"]
[White "Stojanovski, Sandi"]
[Black "Antonsen, Mikkel"]
[Result "0-1"]
[WhiteElo "2214"]
[BlackElo "2445"]
[PlyCount "78"]
[EventDate "2012.09.14"]
[EventType "swiss"]
[EventRounds "9"]
[EventCountry "DEN"]
[Source "ChessBase"]
[SourceDate "2012.10.19"]

1. d4 Nf6 2. c4 g6 3. Nc3 d5 4. cxd5 Nxd5 5. e4 Nxc3 6. bxc3 Bg7 7. Bc4 c5 8.
Ne2 O-O 9. O-O Nc6 10. Be3 e6 11. f3 cxd4 12. cxd4 b6 13. Rc1 Bb7 14. d5 exd5
15. Bxd5 Na5 16. Nc3 Nc6 17. Qd2 Rc8 18. Bg5 Qd7 19. Rfd1 Ba6 20. Bh6 Rfd8 21.
Bxg7 Kxg7 22. Qb2 f6 23. Bc4 Qb7 24. Rxd8 Nxd8 25. Bxa6 Qxa6 26. Rd1 Nf7 27.
Nd5 b5 28. f4 Qe6 29. Qxb5 Qxe4 30. Nxf6 Qe3+ 31. Kh1 Rc1 32. Ne8+ Kh6 33. Qf1
Rxd1 34. Qxd1 Qxe8 35. h3 Qe7 36. Qd4 Nd6 37. Kh2 Nf5 38. Qh8 Qd6 39. g3 Qd2+
0-1

[Event "Skovbo GM"]
[Site "Borup"]
[Date "2012.09.20"]
[Round "5"]
[White "Vesterli, Michael E"]
[Black "Jensen, Steen Dahlgaard"]
[Result "1-0"]
[WhiteElo "2037"]
[BlackElo "1846"]
[PlyCount "39"]
[EventDate "2012.09.14"]
[EventType "swiss"]
[EventRounds "9"]
[EventCountry "DEN"]
[Source "ChessBase"]
[SourceDate "2012.10.19"]

1. d4 Nf6 2. c4 e6 3. Nf3 c5 4. d5 exd5 5. cxd5 b5 6. Bg5 d6 7. a4 b4 8. Nbd2
Be7 9. e4 Nxd5 10. Nc4 Nc7 11. e5 d5 12. Nd6+ Kf8 13. Bxe7+ Kxe7 14. Ng5 Be6
15. Qh5 g6 16. Qf3 f5 17. Nb7 Qe8 18. Nxc5 Qc6 19. Rc1 Nba6 20. Bxa6 1-0

[Event "Skovbo GM"]
[Site "Borup"]
[Date "2012.09.20"]
[Round "5"]
[White "Wang, Peter"]
[Black "Rhee, Alexander H"]
[Result "0-1"]
[WhiteElo "1971"]
[BlackElo "2183"]
[PlyCount "96"]
[EventDate "2012.09.14"]
[EventType "swiss"]
[EventRounds "9"]
[EventCountry "DEN"]
[Source "ChessBase"]
[SourceDate "2012.10.19"]

1. d4 d6 2. e4 g6 3. Nc3 Bg7 4. Be3 a6 5. Bd3 b5 6. Nce2 Nc6 7. c3 Nf6 8. f3 e5
9. d5 Ne7 10. Qd2 h5 11. h4 c6 12. dxc6 d5 13. Rd1 Qc7 14. Ng3 Nxc6 15. exd5
Nxd5 16. Be4 Nde7 17. Bc5 Be6 18. Bd6 Qd7 19. Bxe7 Qxd2+ 20. Rxd2 Kxe7 21. Bxc6
Rad8 22. Nh3 Bxa2 23. Be4 Bc4 24. Nf2 Bh6 25. Rxd8 Rxd8 26. Nd1 Rd2 27. Nf2 a5
28. b3 Bxb3 29. O-O Bf4 30. Ngh1 Be3 31. Re1 Bc5 32. g4 Bc4 33. Kg2 a4 34. Kg3
a3 35. Bc6 f5 36. gxf5 gxf5 37. f4 e4 38. Bxe4 fxe4 39. Rxe4+ Kf7 40. Re1 Re2
41. Ra1 Bd5 42. Rd1 Bc6 43. Nd3 Re3+ 44. Kh2 Bf3 45. Ne5+ Rxe5 46. Rf1 Re2+ 47.
Kg3 Bd5 48. Kh3 Bg2+ 0-1

[Event "Skovbo GM"]
[Site "Borup"]
[Date "2012.09.21"]
[Round "6"]
[White "Andersen, Troels Baekgaard"]
[Black "Olsen, Michael Richard W"]
[Result "1/2-1/2"]
[WhiteElo "1771"]
[BlackElo "1997"]
[PlyCount "42"]
[EventDate "2012.09.14"]
[EventType "swiss"]
[EventRounds "9"]
[EventCountry "DEN"]
[Source "ChessBase"]
[SourceDate "2012.10.19"]

1. d4 Nf6 2. c4 e6 3. Nf3 Be7 4. Nc3 O-O 5. e4 d6 6. Bd3 Nbd7 7. O-O c5 8. h3
cxd4 9. Nxd4 Ne5 10. Be2 d5 11. cxd5 exd5 12. f4 Nc6 13. exd5 Nxd5 14. Nxc6
bxc6 15. Nxd5 cxd5 16. Be3 Qa5 17. Bf3 Rd8 18. Re1 Bb4 19. Re2 Bf5 20. a3 Bc5
21. Kh2 Bxe3 1/2-1/2

[Event "Skovbo GM"]
[Site "Borup"]
[Date "2012.09.21"]
[Round "6"]
[White "Antonsen, Mikkel"]
[Black "Sriram, Jha"]
[Result "1-0"]
[WhiteElo "2445"]
[BlackElo "2422"]
[PlyCount "101"]
[EventDate "2012.09.14"]
[EventType "swiss"]
[EventRounds "9"]
[EventCountry "DEN"]
[Source "ChessBase"]
[SourceDate "2012.10.19"]

1. d4 d5 2. c4 c6 3. Nf3 Nf6 4. e3 Bf5 5. Nc3 e6 6. Nh4 Be4 7. f3 Bg6 8. Qb3
Qc7 9. Bd2 Be7 10. Nxg6 hxg6 11. g3 a6 12. Rc1 dxc4 13. Bxc4 Nbd7 14. a4 Rd8
15. Ne2 a5 16. Nf4 g5 17. Bxe6 Rf8 18. Bxd7+ Rxd7 19. Nd3 g4 20. f4 Ne4 21. Ne5
Rd6 22. Nxg4 Qd7 23. Nf2 Nxf2 24. Kxf2 Rd5 25. Bc3 Rh8 26. h4 Rdh5 27. Qc2 Qd5
28. e4 Qd7 29. Qe2 g5 30. f5 Bb4 31. Qf3 gxh4 32. g4 R5h6 33. Qf4 h3 34. Qe5+
Kf8 35. Bxb4+ axb4 36. g5 Rh4 37. Rcg1 Qe7 38. Qb8+ Kg7 39. f6+ Kg6 40. fxe7
Rxb8 41. d5 Rxe4 42. d6 Kf5 43. Re1 Rf4+ 44. Kg3 Rg8 45. Rhf1 Rxf1 46. Rxf1+
Ke6 47. Re1+ Kd7 48. Kxh3 b3 49. Kg4 c5 50. Kf5 Ke8 51. g6 1-0

[Event "Skovbo GM"]
[Site "Borup"]
[Date "2012.09.21"]
[Round "6"]
[White "Bintzik, Bernhard"]
[Black "Pedersen, Sven"]
[Result "0-1"]
[WhiteElo "1970"]
[BlackElo "2121"]
[PlyCount "86"]
[EventDate "2012.09.14"]
[EventType "swiss"]
[EventRounds "9"]
[EventCountry "DEN"]
[Source "ChessBase"]
[SourceDate "2012.10.19"]

1. Nf3 d5 2. b3 c6 3. Bb2 Nf6 4. d4 Bf5 5. e3 e6 6. Be2 Bd6 7. Nbd2 O-O 8. Nh4
Bg6 9. Nxg6 hxg6 10. O-O Nbd7 11. c4 Qe7 12. c5 Bc7 13. f4 Ba5 14. Nf3 Ne4 15.
Bd3 b6 16. Qc2 bxc5 17. Bxe4 dxe4 18. Qxe4 cxd4 19. Nxd4 Nf6 20. Nxc6 Qb7 21.
Qf3 Bb6 22. Nd4 Qa6 23. Rfc1 Rad8 24. a4 Rc8 25. Kh1 Nd5 26. e4 Nb4 27. Nb5
Rcd8 28. Rd1 Ba5 29. Rxd8 Rxd8 30. Rd1 Rxd1+ 31. Qxd1 Qc6 32. Qd4 f6 33. h3 Nc2
34. Qxa7 Bb6 35. Qb8+ Kh7 36. Qd6 Qxe4 37. Qxb6 Ne3 38. Qxe3 Qxe3 39. Bc3 Qc1+
40. Kh2 Qxf4+ 41. Kg1 Qe3+ 42. Kh1 Qd3 43. b4 e5 0-1

[Event "Skovbo GM"]
[Site "Borup"]
[Date "2012.09.21"]
[Round "6"]
[White "Carstensen, Jacob"]
[Black "Hansen, Lars Henrik Bech"]
[Result "1-0"]
[WhiteElo "2363"]
[BlackElo "2013"]
[PlyCount "69"]
[EventDate "2012.09.14"]
[EventType "swiss"]
[EventRounds "9"]
[EventCountry "DEN"]
[Source "ChessBase"]
[SourceDate "2012.10.19"]

1. d4 g6 2. c4 Bg7 3. Nc3 Nf6 4. e4 d6 5. Nf3 O-O 6. Be2 e5 7. O-O Nc6 8. d5
Ne7 9. b4 a5 10. Ba3 Ne8 11. c5 axb4 12. Bxb4 f5 13. Qb3 h6 14. Nd2 fxe4 15.
cxd6 cxd6 16. Ndxe4 Nf5 17. Nb5 Nd4 18. Nxd4 exd4 19. Bb5 Bf5 20. Rae1 Bxe4 21.
Rxe4 Nc7 22. Bd3 g5 23. Ba3 Re8 24. Bb2 Rxe4 25. Bxe4 Na6 26. Ba3 b6 27. Qh3
Nc5 28. Bxc5 bxc5 29. Qe6+ Kf8 30. f4 g4 31. Bh7 Bf6 32. Qg8+ Ke7 33. Re1+ Kd7
34. Qf7+ Be7 35. Bf5+ 1-0

[Event "Skovbo GM"]
[Site "Borup"]
[Date "2012.09.21"]
[Round "6"]
[White "Christensen, Casper"]
[Black "Jorgensen, Alexander Torp"]
[Result "1-0"]
[WhiteElo "1995"]
[BlackElo "1584"]
[PlyCount "59"]
[EventDate "2012.09.14"]
[EventType "swiss"]
[EventRounds "9"]
[EventCountry "DEN"]
[Source "ChessBase"]
[SourceDate "2012.10.19"]

1. e4 e6 2. d4 d5 3. Nc3 Bb4 4. e5 c5 5. a3 cxd4 6. axb4 dxc3 7. bxc3 Qc7 8.
Qd4 Nc6 9. Bb5 Nge7 10. f4 Bd7 11. Qd3 a6 12. Ba4 Rc8 13. Ne2 O-O 14. Be3 f6
15. exf6 Rxf6 16. O-O Ng6 17. g3 Nce7 18. Bxd7 Qxd7 19. Bd4 Rf7 20. Rad1 Nf5
21. Bc5 Qc7 22. Rfe1 b6 23. Bf2 Qb7 24. Nd4 Nxd4 25. Bxd4 Re8 26. b5 axb5 27.
Qxb5 Rfe7 28. Rb1 e5 29. Bc5 Rc7 30. Qxe8+ 1-0

[Event "Skovbo GM"]
[Site "Borup"]
[Date "2012.09.21"]
[Round "6"]
[White "Christophersen, David"]
[Black "Jacobsen, Mads Holger Bang"]
[Result "1-0"]
[WhiteElo "1839"]
[BlackElo "2046"]
[PlyCount "107"]
[EventDate "2012.09.14"]
[EventType "swiss"]
[EventRounds "9"]
[EventCountry "DEN"]
[Source "ChessBase"]
[SourceDate "2012.10.19"]

1. d4 d5 2. c4 c6 3. Nf3 Nf6 4. e3 Bf5 5. Nc3 a6 6. b4 dxc4 7. Bxc4 e6 8. a3
Nd5 9. Bb2 b5 10. Bd3 Bxd3 11. Qxd3 Be7 12. Rc1 a5 13. Nxd5 exd5 14. Bc3 axb4
15. Bxb4 f6 16. e4 Bxb4+ 17. axb4 Qe7 18. Nd2 O-O 19. Qb3 Kh8 20. O-O dxe4 21.
Rfe1 Ra4 22. Rb1 f5 23. f3 Na6 24. fxe4 fxe4 25. Rxe4 Qxb4 26. Qe3 Qa3 27. Qg5
h6 28. Qg6 Qd3 29. Rf1 Qxf1+ 30. Nxf1 Ra1 31. h3 Raxf1+ 32. Kh2 R1f6 33. Qh5
Kh7 34. Re7 Rg6 35. Qe2 Nb4 36. h4 Nd5 37. Ra7 Rf4 38. h5 Rgf6 39. Qc2+ R4f5
40. g4 Ne3 41. Qe4 Nxg4+ 42. Qxg4 Rg5 43. Qe4+ Rff5 44. Ra3 Rxh5+ 45. Rh3 Rxh3+
46. Kxh3 Kg6 47. Qxc6+ Kf7 48. Qd7+ Kf6 49. d5 b4 50. Qe6+ Kg5 51. d6 Rf3+ 52.
Kg2 Rd3 53. Qe5+ Kg6 54. Qe4+ 1-0

[Event "Skovbo GM"]
[Site "Borup"]
[Date "2012.09.21"]
[Round "6"]
[White "Eriksson, Christian Altenburg"]
[Black "Knudsen, Jes West"]
[Result "0-1"]
[WhiteElo "2118"]
[BlackElo "1892"]
[PlyCount "62"]
[EventDate "2012.09.14"]
[EventType "swiss"]
[EventRounds "9"]
[EventCountry "DEN"]
[Source "ChessBase"]
[SourceDate "2012.10.19"]

1. e4 Nf6 2. e5 Nd5 3. c4 Nb6 4. c5 Nd5 5. d4 d6 6. cxd6 exd6 7. Nf3 dxe5 8.
Nxe5 Bb4+ 9. Bd2 O-O 10. Bc4 Bxd2+ 11. Qxd2 f6 12. Nc3 c6 13. Nf3 Re8+ 14. Ne2
Bg4 15. O-O-O Bxf3 16. gxf3 b5 17. Bb3 Kh8 18. Nf4 Qd6 19. Bxd5 cxd5 20. h4 a5
21. Rhe1 Nc6 22. Re3 Rec8 23. Kb1 Nb4 24. Re6 Qc7 25. a3 Qc4 26. axb4 axb4 27.
Re8+ Rxe8 28. Nd3 Qa2+ 29. Kc1 b3 30. Qc3 Re2 31. Rd2 Qa1# 0-1

[Event "Skovbo GM"]
[Site "Borup"]
[Date "2012.09.21"]
[Round "6"]
[White "Hagen, Andreas Skytte"]
[Black "Larsen, Karsten"]
[Result "1-0"]
[WhiteElo "2422"]
[BlackElo "2288"]
[PlyCount "75"]
[EventDate "2012.09.14"]
[EventType "swiss"]
[EventRounds "9"]
[EventCountry "DEN"]
[Source "ChessBase"]
[SourceDate "2012.10.19"]

1. d4 Nf6 2. c4 e6 3. Nc3 d5 4. cxd5 exd5 5. Bg5 Be7 6. e3 c6 7. Bd3 Nbd7 8.
Qc2 O-O 9. Nge2 Re8 10. O-O Nf8 11. f3 Be6 12. Rae1 Rc8 13. Kh1 Rc7 14. Bf4 Bd6
15. Bg5 Be7 16. Bh4 Ng6 17. Bf2 b6 18. Rd1 Bd6 19. Bg1 Rce7 20. a3 Bc8 21. e4
dxe4 22. fxe4 Bb8 23. e5 Nd5 24. Nxd5 cxd5 25. Ng3 Be6 26. Be3 Rc7 27. Qd2 Rf8
28. Bg5 f6 29. exf6 gxf6 30. Bh6 Re8 31. Nh5 Rf7 32. Bb5 Qd6 33. g3 Rc8 34.
Rxf6 Rxf6 35. Nxf6+ Kh8 36. Qg5 Qe7 37. Re1 Qf7 38. Be8 1-0

[Event "Skovbo GM"]
[Site "Borup"]
[Date "2012.09.21"]
[Round "6"]
[White "Hansen, Erik Levin"]
[Black "Percivaldi, Martin"]
[Result "0-1"]
[WhiteElo "1753"]
[BlackElo "2041"]
[PlyCount "38"]
[EventDate "2012.09.14"]
[EventType "swiss"]
[EventRounds "9"]
[EventCountry "DEN"]
[Source "ChessBase"]
[SourceDate "2012.10.19"]

1. e4 e6 2. d4 d5 3. Nc3 Nf6 4. e5 Nfd7 5. Nf3 c5 6. Be3 a6 7. Be2 Nc6 8. O-O
cxd4 9. Bxd4 Nxd4 10. Qxd4 Bc5 11. Qf4 O-O 12. Bd3 f5 13. Ne2 Qe7 14. a4 Nb8
15. c4 Nc6 16. cxd5 exd5 17. Rad1 Be6 18. Ned4 Nxd4 19. Nxd4 g5 0-1

[Event "Skovbo GM"]
[Site "Borup"]
[Date "2012.09.21"]
[Round "6"]
[White "Hansen, Janech"]
[Black "Hagerup, Per"]
[Result "0-1"]
[WhiteElo "1599"]
[BlackElo "1660"]
[PlyCount "74"]
[EventDate "2012.09.14"]
[EventType "swiss"]
[EventRounds "9"]
[EventCountry "DEN"]
[Source "ChessBase"]
[SourceDate "2012.10.19"]

1. d4 Nf6 2. c4 e6 3. Nc3 d5 4. Nf3 Bb4 5. Bd2 c6 6. c5 Nbd7 7. g3 O-O 8. Bg2
Re8 9. a3 Ba5 10. O-O Bc7 11. Bg5 h6 12. Bd2 e5 13. b4 e4 14. Ne1 Nf8 15. Qc1
Ng6 16. e3 h5 17. h4 Ng4 18. Ne2 Nxh4 19. f3 Nxg2 20. Kxg2 exf3+ 21. Nxf3 Bf5
22. Nf4 Bxf4 23. gxf4 Be4 24. Kg3 g6 25. a4 Kg7 26. b5 Rh8 27. Ng5 Qe7 28. bxc6
bxc6 29. Nxe4 Qxe4 30. Rb1 Rae8 31. Rb3 Re7 32. a5 f5 33. Rh1 h4+ 34. Rxh4 Rxh4
35. Kxh4 Qf3 36. Qg1 Kf6 37. Rb7 Rxb7 0-1

[Event "Skovbo GM"]
[Site "Borup"]
[Date "2012.09.21"]
[Round "6"]
[White "Hein, Jacob"]
[Black "Marthedal, Anton Mehmet Yildiz"]
[Result "0-1"]
[WhiteElo "1490"]
[BlackElo "1352"]
[PlyCount "68"]
[EventDate "2012.09.14"]
[EventType "swiss"]
[EventRounds "9"]
[EventCountry "DEN"]
[Source "ChessBase"]
[SourceDate "2012.10.19"]

1. e4 e5 2. Nf3 Nc6 3. Bc4 Bc5 4. b4 Bxb4 5. c3 Ba5 6. Qb3 Qe7 7. O-O Nf6 8.
Ng5 O-O 9. Ba3 d6 10. d4 Nd8 11. Qb5 b6 12. dxe5 a6 13. exf6 Qxf6 14. Qd5 b5
15. Nxh7 Kxh7 16. Bd3 Bb7 17. Qf5+ Qxf5 18. exf5 Nc6 19. f4 Rae8 20. Rf3 Re1+
21. Kf2 Rfe8 22. Bb2 Bb6+ 23. Kg3 b4 24. Kg4 bxc3 25. Rh3+ Kg8 26. Bxc3 Rc1 27.
Bb2 Rg1 28. a3 Bd4 29. Nc3 Rxa1 30. Bxa1 Re3 31. Bxa6 Bxa6 32. Nd5 Bxa1 33.
Nxe3 Be2+ 34. Kg5 Bf6# 0-1

[Event "Skovbo GM"]
[Site "Borup"]
[Date "2012.09.21"]
[Round "6"]
[White "Hubka, Roland"]
[Black "Lindgren, Philip"]
[Result "0-1"]
[WhiteElo "2000"]
[BlackElo "2256"]
[PlyCount "102"]
[EventDate "2012.09.14"]
[EventType "swiss"]
[EventRounds "9"]
[EventCountry "DEN"]
[Source "ChessBase"]
[SourceDate "2012.10.19"]

1. c4 c5 2. Nc3 Nc6 3. g3 g6 4. Bg2 Bg7 5. Nf3 e5 6. d3 Nge7 7. O-O O-O 8. a3
a5 9. Rb1 d6 10. Bd2 h6 11. Nb5 Be6 12. Qc1 Kh7 13. b4 axb4 14. axb4 cxb4 15.
Bxb4 Nxb4 16. Rxb4 d5 17. Nd2 Rc8 18. Na7 Rc7 19. Qa3 Nc6 20. Nxc6 bxc6 21. Ra4
f5 22. Nb3 dxc4 23. dxc4 e4 24. e3 Qd3 25. Rc1 Rb8 26. Nc5 Qxa3 27. Rxa3 Bb2
28. Nxe6 Bxa3 29. Rd1 Re7 30. Nd4 Rd7 31. Ra1 Bf8 32. Nxc6 Rc8 33. Nd4 Bg7 34.
Bf1 Bxd4 35. exd4 Rxd4 36. Rc1 Rc5 37. Rb1 Kg7 38. h4 Rd6 39. Be2 Kf6 40. Kf1
Ke5 41. Ke1 Ra5 42. Rb5+ Rxb5 43. cxb5 Rd4 44. f4+ Kd5 45. Kf2 Rb4 46. Ke3 Rb3+
47. Kf2 Kd4 48. h5 gxh5 49. b6 Rxb6 50. Bxh5 Rb2+ 51. Be2 Ra2 0-1

[Event "Skovbo GM"]
[Site "Borup"]
[Date "2012.09.21"]
[Round "6"]
[White "Jorgensen, Brian Jorgen"]
[Black "Vesterli, Michael E"]
[Result "1-0"]
[WhiteElo "2244"]
[BlackElo "2037"]
[PlyCount "69"]
[EventDate "2012.09.14"]
[EventType "swiss"]
[EventRounds "9"]
[EventCountry "DEN"]
[Source "ChessBase"]
[SourceDate "2012.10.19"]

1. d4 Nf6 2. c4 g6 3. Nc3 Bg7 4. e4 d6 5. Nf3 O-O 6. Be2 e5 7. O-O Nc6 8. Be3
Ng4 9. Bg5 f6 10. Bc1 f5 11. Bg5 Qe8 12. d5 Nd4 13. Nxd4 exd4 14. Nb5 Qe5 15.
f4 Qxe4 16. Bxg4 fxg4 17. Re1 Qf5 18. Nxc7 Bd7 19. Nxa8 Rxa8 20. Qb3 b5 21.
cxb5 d3 22. Rad1 g3 23. Rxd3 gxh2+ 24. Kh1 h6 25. Bh4 Rb8 26. a4 a6 27. b6 Qxf4
28. Bg3 Qxa4 29. Bxd6 Qa5 30. Bxb8 Qxe1+ 31. Kxh2 Qh4+ 32. Rh3 Bxh3 33. Qxh3
Qd8 34. Qe6+ Kh7 35. Bg3 1-0